| 000 | 00518nam a22001697a 4500 | ||
|---|---|---|---|
| 999 |
_c8685 _d8685 |
||
| 008 | 201210b ||||| |||| 00| 0 eng d | ||
| 040 | _aBMS College of Architecture | ||
| 100 | _aRajesh, B Sanjna | ||
| 245 | _aGnana dwara rural school | ||
| 300 | _axiv63p. | ||
| 500 | _a1BM12AT089 | ||
| 502 |
_8B,Arch _NBMS College of Architecture, Visvesvaraya Technological University (VTU) _aProject report _d2016 |
||
| 650 | _aRural | ||
| 700 |
_aSayee Deodhar _eGuide |
||
| 700 |
_aN Arun Chandhran _eGuide |
||
| 942 |
_2ddc _cTHE |
||